[Event "Torneo A"]
[Site "Locri ITA"]
[Date "2014.04.16"]
[Round "1"]
[White "Tricomi, Massimo"]
[Black "Rossi, Aldo A."]
[WhiteElo "1883"]
[BlackElo "2260"]
[Result "0-1"]
[PlyCount "114"]
[EventDate "2014.04.16"]

1. b3 e5 2. Bb2 d6 3. e3 f5 4. d4 e4 5. d5 Nf6 6. Nh3 g6 7. Nf4 Bg7 8. h4 O-O
9. Nc3 Ng4 10. Be2 Ne5 11. Qd2 Bf6 12. O-O-O Qe8 13. Nb5 Na6 14. Nd4 Nc5 15.
Rdg1 a5 16. a4 Bd7 17. f3 Qe7 18. g4 exf3 19. Bxf3 Nxf3 20. Nxf3 Ne4 21. Bxf6
Qxf6 22. Qd4 Qxd4 23. Nxd4 Nf2 24. Rh2 Nxg4 25. Re2 Rf7 26. h5 gxh5 27. Nxh5
Kh8 28. Nf4 c5 29. Nde6 Rg8 30. Reg2 Bxe6 31. Nxe6 Re8 32. Kd2 Ne5 33. Rg3 c4
34. Rh1 Rg8 35. Rxg8+ Kxg8 36. Rg1+ Kh8 37. Rg3 Rf6 38. Nd8 b6 39. Kc3 cxb3 40.
cxb3 Rg6 41. Rxg6 hxg6 42. Nc6 Kg7 43. Ne7 Kf6 44. Nc8 Nd7 45. Nxd6 Ke5 46.
Nc4+ Kxd5 47. Kd2 Kc5 48. Kc3 g5 49. Kd3 Nf6 50. Ke2 Nd5 51. Kd3 g4 52. Nd2 Nf6
53. Nc4 Nd7 54. e4 f4 55. e5 Kd5 56. Ke2 Nxe5 57. Nxb6+ Kc5 0-1

[Event "Torneo A"]
[Site "Locri ITA"]
[Date "2014.04.16"]
[Round "1"]
[White "Varriale, Luca"]
[Black "Inkiov, Ventzislav V."]
[WhiteElo "1927"]
[BlackElo "2427"]
[Result "0-1"]
[PlyCount "41"]
[EventDate "2014.04.16"]

1. d4 Nf6 2. c4 e6 3. Nc3 Bb4 4. a3 Bxc3+ 5. bxc3 c5 6. e3 Qa5 7. Bd2 b6 8. Bd3
Bb7 9. f3 Nc6 10. Ne2 cxd4 11. cxd4 Qh5 12. Nf4 Qh4+ 13. g3 Qh6 14. e4 g5 15.
Ne2 Qh5 16. O-O d6 17. a4 a5 18. e5 dxe5 19. dxe5 Nxe5 20. Bc2 O-O-O 21. Ra3
0-1

[Event "Torneo A"]
[Site "Locri ITA"]
[Date "2014.04.16"]
[Round "1"]
[White "Varvaglione, Antonio"]
[Black "Nobile, Stefano"]
[WhiteElo "2057"]
[BlackElo "1807"]
[Result "1-0"]
[PlyCount "107"]
[EventDate "2014.04.16"]

1. e4 c6 2. d4 d5 3. exd5 cxd5 4. c4 Nf6 5. Nc3 e6 6. Nf3 Be7 7. cxd5 Nxd5 8.
Bd3 Nc6 9. O-O O-O 10. Re1 a6 11. a3 Qc7 12. Qc2 h6 13. Re4 f5 14. Nxd5 exd5
15. Bf4 Bd6 16. Bxd6 Qxd6 17. Re2 Bd7 18. Rae1 g6 19. Qc5 Qxc5 20. dxc5 Rae8
21. Ne5 Rxe5 22. Rxe5 Nxe5 23. Rxe5 Re8 24. Rxe8+ Bxe8 25. f4 Kf7 26. Kf2 Kf6
27. Ke3 Ba4 28. Kd4 Bb3 29. Kc3 Bd1 30. Kb4 g5 31. Ka5 gxf4 32. Kb6 f3 33. gxf3
Bxf3 34. Kxb7 d4+ 35. c6 f4 36. Kb6 Bg4 37. c7 f3 38. Kc5 Ke5 39. b4 f2 40. a4
Bc8 41. a5 h5 42. h4 Bb7 43. b5 axb5 44. Kb6 Bc8 45. a6 Bf5 46. Bxf5 f1=Q 47.
c8=Q d3 48. Qe6+ Kd4 49. Qe4+ Kc3 50. Qxd3+ Qxd3 51. Bxd3 b4 52. Bg6 b3 53.
Bxh5 b2 54. Bg6 1-0

[Event "Torneo A"]
[Site "Locri ITA"]
[Date "2014.04.16"]
[Round "1"]
[White "Violi, Vincenzo"]
[Black "Gangemi, Salvatore"]
[WhiteElo "1859"]
[BlackElo "2101"]
[Result "0-1"]
[PlyCount "40"]
[EventDate "2014.04.16"]

1. e4 e6 2. d4 d5 3. Nc3 Nf6 4. e5 Nfd7 5. Nf3 c5 6. Bg5 Qb6 7. dxc5 Bxc5 8.
Qd2 Bxf2+ 9. Qxf2 Qxb2 10. Kd2 Qxa1 11. Bb5 Qxh1 12. Qc5 Qxg2+ 13. Kc1 Qxg5+
14. Nxg5 Nc6 15. Bxc6 bxc6 16. Qxc6 Rb8 17. Nxd5 exd5 18. e6 O-O 19. e7 Re8 20.
Qxd5 Rxe7 0-1

[Event "Torneo A"]
[Site "Locri ITA"]
[Date "2014.02.16"]
[Round "2"]
[White "Carbone, Edoardo"]
[Black "Fracasso Pezzolato, Michele"]
[WhiteElo "1901"]
[BlackElo "1830"]
[Result "1-0"]
[PlyCount "67"]
[EventDate "2014.04.16"]

1. d4 Nf6 2. Nf3 g6 3. Bf4 Bg7 4. e3 d6 5. h3 Nbd7 6. Be2 b6 7. O-O Bb7 8. c4
O-O 9. Nc3 Ne4 10. Nxe4 Bxe4 11. Qd2 Bb7 12. Rac1 e5 13. Bh2 e4 14. Ne1 Qe7 15.
b4 Rad8 16. Nc2 c5 17. Rfd1 cxd4 18. Nxd4 Ne5 19. Nb5 Qg5 20. Bf4 Qh4 21. Nxd6
Bc8 22. Bg3 Qg5 23. h4 Qe7 24. c5 Bg4 25. Bxe5 Bxe2 26. Bxg7 Bf3 27. gxf3 Qxh4
28. Qd4 Qg5+ 29. Kf1 exf3 30. Bxf8 Qg2+ 31. Ke1 Qg1+ 32. Kd2 Qxf2+ 33. Kc3 Kxf8
34. Qh8+ 1-0

[Event "Torneo A"]
[Site "Locri ITA"]
[Date "2014.04.16"]
[Round "2"]
[White "Familari, Giuseppe"]
[Black "Ljubisavljevic, Zivojin Z."]
[WhiteElo "1971"]
[BlackElo "2132"]
[Result "0-1"]
[PlyCount "102"]
[EventDate "2014.04.16"]

1. e4 g6 2. d4 Bg7 3. Nc3 d6 4. Be3 Nc6 5. Bc4 e5 6. Nge2 Nge7 7. Qd2 O-O 8. h4
h5 9. f3 Na5 10. Bb3 Nxb3 11. axb3 f5 12. Bg5 Qe8 13. O-O-O exd4 14. Nxd4 Nc6
15. Ndb5 Qf7 16. Nd5 a6 17. Nbxc7 Rb8 18. exf5 Bxf5 19. Rhe1 Kh7 20. Ne7 Nd4
21. Nxf5 Qxf5 22. Re7 Rf7 23. Rde1 Rc8 24. Rxf7 Qxf7 25. Re7 Qxe7 26. Bxe7 Rxc7
27. Qe1 Rxc2+ 28. Kd1 Rxg2 29. Qe4 Rxb2 30. Qxb7 Rxb3 31. Qxa6 Rxf3 32. Bg5 Nf5
33. Qb7 Rd3+ 34. Ke2 Rd4 35. Bf6 Re4+ 36. Kf3 Re6 37. Bxg7 Nxg7 38. Qf7 Re5 39.
Kg3 Rf5 40. Qd7 d5 41. Qd8 Re5 42. Qd7 d4 43. Kf4 Re8 44. Kf3 Re3+ 45. Kf4 Re1
46. Kf3 Rd1 47. Ke2 Rh1 48. Qe7 Rh3 49. Kd2 Re3 50. Qd7 Re4 51. Qd8 Nf5 0-1

[Event "Torneo A"]
[Site "Locri ITA"]
[Date "2014.04.16"]
[Round "2"]
[White "Gangemi, Salvatore"]
[Black "Mrdja, Milan"]
[WhiteElo "2101"]
[BlackElo "2378"]
[Result "0-1"]
[PlyCount "84"]
[EventDate "2014.04.16"]

1. Nf3 Nf6 2. c4 e6 3. g3 d5 4. Bg2 Bd6 5. O-O O-O 6. d3 Nbd7 7. Nc3 Re8 8. Qc2
c6 9. e4 dxe4 10. dxe4 e5 11. Rd1 Qe7 12. b3 Nf8 13. Bb2 Bg4 14. Rd2 Bxf3 15.
Bxf3 Ba3 16. Bxa3 Qxa3 17. Rad1 Ng6 18. Bg2 Ng4 19. Qb2 Qb4 20. Na4 c5 21. Nc3
Nf6 22. Nd5 Nxd5 23. cxd5 a5 24. f4 f6 25. fxe5 Rxe5 26. Rc1 b6 27. Qc3 Rae8
28. Qxb4 axb4 29. Rf1 Kf7 30. h4 h5 31. Rfd1 R5e7 32. Bh3 Kf8 33. Be6 Ne5 34.
Kg2 Ng4 35. Bxg4 hxg4 36. Kf2 Rxe4 37. d6 Rd8 38. Rd3 Rd7 39. Re3 Rxe3 40. Kxe3
Kf7 41. Kf4 Ke6 42. Kxg4 Rxd6 0-1

[Event "Torneo A"]
[Site "Locri ITA"]
[Date "2014.04.16"]
[Round "2"]
[White "Iannello, Andrea"]
[Black "Cordi', Domenico"]
[WhiteElo "1876"]
[BlackElo "1993"]
[Result "1-0"]
[PlyCount "47"]
[EventDate "2014.04.16"]

1. e4 Nf6 2. e5 Nd5 3. d4 d6 4. c4 Nb6 5. exd6 cxd6 6. Nf3 g6 7. Be2 Bg7 8. Be3
O-O 9. O-O N8d7 10. Nc3 Nf6 11. h3 Bf5 12. Rc1 d5 13. c5 Nc8 14. Ne5 Ne4 15.
Qb3 Nxc5 16. Qxd5 Nd7 17. f4 Nd6 18. Qf3 Nb6 19. g4 Bd7 20. Rfd1 Be8 21. Qg3 f6
22. Nd3 Bf7 23. Bf3 Nbc4 24. Bf2 1-0

[Event "Torneo A"]
[Site "Locri ITA"]
[Date "2014.04.16"]
[Round "2"]
[White "Iannello, Antonio"]
[Black "Guccione, Cristoforo"]
[WhiteElo "1888"]
[BlackElo "1800"]
[Result "1-0"]
[PlyCount "61"]
[EventDate "2014.04.16"]

1. e4 d5 2. exd5 Nf6 3. d4 Bg4 4. Be2 Bxe2 5. Qxe2 Qxd5 6. Nf3 Nc6 7. c4 Qf5 8.
O-O O-O-O 9. d5 Nb4 10. a3 Nd3 11. Be3 e5 12. Nc3 Bd6 13. Nh4 Qg4 14. Qxd3 e4
15. h3 Qxh4 16. Qd4 c5 17. Qd2 Qh5 18. Nb5 Bb8 19. Bxc5 b6 20. Be3 g5 21. d6 g4
22. h4 Nd7 23. Bg5 Ne5 24. Qd5 Rhe8 25. Bxd8 Kxd8 26. Qb7 Nf3+ 27. gxf3 gxf3
28. Qxb8+ Kd7 29. Qb7+ Ke6 30. Qxe4+ Kf6 31. Qf4+ 1-0

[Event "Torneo A"]
[Site "Locri ITA"]
[Date "2014.04.16"]
[Round "2"]
[White "Inkiov, Ventzislav V."]
[Black "Varvaglione, Antonio"]
[WhiteElo "2427"]
[BlackElo "2057"]
[Result "1-0"]
[PlyCount "55"]
[EventDate "2014.04.16"]

1. d4 Nf6 2. c4 c5 3. e3 e6 4. Nf3 d5 5. Nc3 Nc6 6. a3 cxd4 7. exd4 dxc4 8.
Bxc4 Bd6 9. O-O O-O 10. Bg5 Be7 11. Qd3 Nd5 12. Bxd5 Bxg5 13. Be4 g6 14. Rad1
Bf6 15. Rfe1 Qa5 16. d5 Ne5 17. Nxe5 Bxe5 18. Bxg6 Bxh2+ 19. Kxh2 hxg6 20. Ne4
Kg7 21. b4 Qb6 22. d6 Bd7 23. Nc5 Rad8 24. Qc3+ f6 25. Rxe6 Bxe6 26. Nxe6+ Kf7
27. Nxf8 Qxf2 28. Qc7+ 1-0

[Event "Torneo A"]
[Site "Locri ITA"]
[Date "2014.04.16"]
[Round "2"]
[White "Lazic, Miroljub"]
[Black "Carbone, Stefano"]
[WhiteElo "2466"]
[BlackElo "2085"]
[Result "1-0"]
[PlyCount "85"]
[EventDate "2014.04.16"]

1. g3 d5 2. Nf3 c6 3. Bg2 Nf6 4. O-O Bf5 5. d3 e6 6. Nbd2 Be7 7. b3 O-O 8. Bb2
Nbd7 9. c4 h6 10. Rc1 a5 11. a3 Re8 12. Rc2 Bh7 13. Qa1 Bd6 14. Rfc1 Qe7 15.
cxd5 exd5 16. Nd4 Qf8 17. N2f3 Ne5 18. Nh4 Ned7 19. Bh3 Be5 20. f4 Bc7 21. Ndf3
Ra6 22. Ne5 Bb6+ 23. Bd4 Qd6 24. Nhf3 Nf8 25. Bxb6 Rxb6 26. Nd4 N8d7 27. Nxd7
Nxd7 28. Qc3 Ra6 29. b4 axb4 30. axb4 Nf6 31. Qc5 Qb8 32. Nf3 Qa7 33. Ne5 Ra1
34. Kf2 Qa3 35. b5 Qxc5+ 36. Rxc5 Rxc1 37. Rxc1 cxb5 38. Rc7 Rb8 39. Rxf7 b4
40. Rc7 b3 41. Rc3 Kf8 42. Rxb3 Bg8 43. Nc6 1-0

[Event "Torneo A"]
[Site "Locri ITA"]
[Date "2014.04.16"]
[Round "2"]
[White "Nobile, Stefano"]
[Black "Tricomi, Massimo"]
[WhiteElo "1807"]
[BlackElo "1883"]
[Result "0-1"]
[PlyCount "80"]
[EventDate "2014.04.16"]

1. g3 e5 2. Bg2 d6 3. d3 f5 4. e3 Nf6 5. c4 Be7 6. Nc3 c6 7. Nge2 Na6 8. O-O
O-O 9. Rb1 d5 10. cxd5 cxd5 11. a3 Be6 12. d4 e4 13. b4 Nc7 14. a4 Nce8 15. a5
Nd6 16. Qb3 g5 17. h4 h6 18. hxg5 hxg5 19. Na4 Kg7 20. Nec3 Rh8 21. f3 Qg8 22.
Nc5 Bf7 23. Qd1 Rh6 24. Kf2 Qh7 25. Rh1 Rh8 26. Rxh6 Qxh6 27. Qg1 exf3 28. Bxf3
Nfe4+ 29. N3xe4 fxe4 30. Bg2 Be8 31. Bd2 Nc4 32. Bc3 g4 33. Ke2 Bb5 34. Bxe4
dxe4 35. d5+ Bf6 36. Ne6+ Kf7 37. Qf2 Na3+ 38. Kd1 Nxb1 39. Bxf6 Qxf6 40. Nf4
Rh1+ 0-1

[Event "Torneo A"]
[Site "Locri ITA"]
[Date "2014.04.16"]
[Round "2"]
[White "Rossi, Aldo A."]
[Black "Laketic, Gojko"]
[WhiteElo "2260"]
[BlackElo "2428"]
[Result "1/2-1/2"]
[PlyCount "23"]
[EventDate "2014.04.16"]

1. c4 Nf6 2. Nc3 g6 3. g3 Bg7 4. Bg2 c5 5. Nf3 Nc6 6. O-O O-O 7. d4 d6 8. dxc5
dxc5 9. Qxd8 Rxd8 10. Be3 Be6 11. Bxc5 Bxc4 12. Rfd1 1/2-1/2

[Event "Torneo A"]
[Site "Locri ITA"]
[Date "2014.04.16"]
[Round "2"]
[White "Valguarnera, Girolamo"]
[Black "Arnetta, Maria Teresa"]
[WhiteElo "2068"]
[BlackElo "1998"]
[Result "1/2-1/2"]
[PlyCount "126"]
[EventDate "2014.04.16"]

1. e4 c5 2. Nf3 Nc6 3. Bb5 Nf6 4. Qe2 Qc7 5. Bxc6 dxc6 6. h3 Bd7 7. d3 g6 8. e5
Nd5 9. c4 Nb4 10. a3 Na6 11. Bf4 Bg7 12. Nc3 O-O 13. O-O Rad8 14. Rad1 Qc8 15.
Qe3 Bf5 16. g4 Be6 17. Ne4 b6 18. Rfe1 Nc7 19. Bh6 Rfe8 20. Qf4 Bh8 21. Neg5 f6
22. Ne4 f5 23. Neg5 Bg7 24. Bxg7 Kxg7 25. gxf5 Bxf5 26. e6 Rf8 27. Qh4 h5 28.
Re3 Rd6 29. Rde1 Rf6 30. Ne4 Bxe4 31. dxe4 Rdxe6 32. e5 Rf5 33. Ng5 Qf8 34.
Nxe6+ Nxe6 35. Rf1 Rf4 36. Qg3 Nd4 37. f3 h4 38. Qg2 Nf5 39. Rd3 Rxc4 40. Qg5
Nd4 41. e6 Ne2+ 42. Kf2 Nf4 43. Qe5+ Qf6 44. Qxf6+ Kxf6 45. Rd7 Rc2+ 46. Ke1
Ng2+ 47. Kd1 Ne3+ 48. Ke1 Rc1+ 49. Kd2 Rxf1 50. Kxe3 Re1+ 51. Kf2 Rxe6 52. Rxa7
b5 53. a4 b4 54. Rb7 Rd6 55. Ke2 Ke6 56. a5 Rd8 57. a6 Ra8 58. a7 c4 59. Rxb4
Rxa7 60. Rxc4 Kd5 61. Rxh4 Ra2 62. Rb4 c5 63. Rb7 Kc6 1/2-1/2

[Event "Torneo A"]
[Site "Locri ITA"]
[Date "2014.04.16"]
[Round "2"]
[White "Valotta, Massimiliano"]
[Black "Luvera', Filippo"]
[WhiteElo "1849"]
[BlackElo "1895"]
[Result "1-0"]
[PlyCount "120"]
[EventDate "2014.04.16"]

1. d4 d5 2. Nf3 Nf6 3. Bg5 e6 4. Nc3 Be7 5. e3 Nbd7 6. Bb5 O-O 7. O-O c5 8.
Bxd7 Nxd7 9. Bf4 cxd4 10. exd4 a6 11. Ne2 Qb6 12. Rb1 Bd6 13. Be3 Qc7 14. c3 b5
15. a3 Bb7 16. Nc1 Nf6 17. Nd3 Ng4 18. g3 Nxe3 19. fxe3 Rac8 20. Qd2 f6 21. Nf4
Qe7 22. Rbe1 Rfe8 23. Rf2 Qf7 24. Nd3 Qh5 25. b4 Qf7 26. Nc5 Qc7 27. Qa2 e5 28.
Kf1 a5 29. Nh4 exd4 30. exd4 Rxe1+ 31. Kxe1 axb4 32. axb4 Ra8 33. Qb2 Bc8 34.
Ng2 Qf7 35. Nb3 Bg4 36. Kf1 Re8 37. Qd2 Bh3 38. Kg1 Bxg2 39. Kxg2 Qe7 40. Nc5
Qe3 41. Qxe3 Rxe3 42. Rc2 Re1 43. Nd7 Kf7 44. Nb6 Ke6 45. Kf2 Re4 46. Ra2 Bxb4
47. cxb4 Rxd4 48. Rb2 Kd6 49. Nc8+ Kc7 50. Ne7 g6 51. Rc2+ Kd6 52. Nc8+ Ke5 53.
Re2+ Re4 54. Na7 Rxe2+ 55. Kxe2 Kd4 56. Nxb5+ Kc4 57. Nc7 d4 58. b5 Kc5 59. Kd3
h5 60. b6 Kxb6 1-0

[Event "Torneo A"]
[Site "Locri ITA"]
[Date "2014.04.16"]
[Round "2"]
[White "Varriale, Luca"]
[Black "Violi, Vincenzo"]
[WhiteElo "1927"]
[BlackElo "1859"]
[Result "1-0"]
[PlyCount "89"]
[EventDate "2014.04.16"]

1. d4 Nf6 2. c4 e6 3. Nc3 Bb4 4. a3 Bxc3+ 5. bxc3 b6 6. e3 Bb7 7. f3 O-O 8. Bd3
c5 9. Ne2 Nc6 10. O-O Rc8 11. e4 cxd4 12. cxd4 Na5 13. e5 Ne8 14. Qc2 f5 15.
exf6 Nxf6 16. Bg5 h6 17. Bxf6 Qxf6 18. Rac1 Nxc4 19. Bxc4 d5 20. Qa4 Rxc4 21.
Qxa7 Ba8 22. Qxb6 Rfc8 23. a4 e5 24. Rxc4 dxc4 25. Qxf6 gxf6 26. dxe5 fxe5 27.
Nc3 Rd8 28. Rd1 Rxd1+ 29. Nxd1 Kf7 30. Kf2 Ke6 31. Ke3 Kd6 32. Kd2 Kc5 33. Kc3
Bc6 34. Nb2 e4 35. fxe4 Bxe4 36. g3 Bd5 37. Nd1 Bc6 38. a5 Bd5 39. Ne3 Be6 40.
a6 Kb6 41. Nxc4+ Kxa6 42. Kd4 Kb7 43. Ne3 Kc7 44. Ke5 Kd7 45. Kf6 1-0

[Event "Torneo A"]
[Site "Locri ITA"]
[Date "2014.04.16"]
[Round "2"]
[White "Voiska, Margarita"]
[Black "Bentivegna, Francesco"]
[WhiteElo "2288"]
[BlackElo "2282"]
[Result "1/2-1/2"]
[PlyCount "28"]
[EventDate "2014.04.16"]

1. Nf3 d5 2. g3 Nc6 3. Bg2 e5 4. O-O Nf6 5. d3 Be7 6. c4 O-O 7. cxd5 Nxd5 8.
Nc3 Nb6 9. a3 Be6 10. Be3 g5 11. b4 Bf6 12. Rc1 Nd4 13. Bxd4 exd4 14. Na4 Nxa4
1/2-1/2

[Event "Torneo A"]
[Site "Locri ITA"]
[Date "2014.04.17"]
[Round "3"]
[White "Arnetta, Maria Teresa"]
[Black "Rossi, Aldo A."]
[WhiteElo "1998"]
[BlackElo "2260"]
[Result "0-1"]
[PlyCount "94"]
[EventDate "2014.04.16"]

1. e4 c5 2. b3 g6 3. Bb2 Nf6 4. Bc4 d6 5. Nc3 Bg7 6. Nd5 e6 7. Nxf6+ Bxf6 8.
Bb5+ Bd7 9. Bxf6 Qxf6 10. Bxd7+ Nxd7 11. Nf3 Ne5 12. Nxe5 Qxe5 13. f3 d5 14. d3
Qc3+ 15. Ke2 O-O-O 16. Qd2 Qxd2+ 17. Kxd2 f5 18. Rae1 fxe4 19. fxe4 Rhf8 20. h4
Rf2+ 21. Re2 Rdf8 22. Ke3 d4+ 23. Kd2 Rf1 24. Rxf1 Rxf1 25. Re1 Rf4 26. g3 Rf3
27. Rg1 Rf2+ 28. Kc1 Kd7 29. Rh1 Ke7 30. Kb2 Rg2 31. Rh3 b5 32. Kc1 a5 33. Kb1
h6 34. Kc1 Rg1+ 35. Kb2 Ke8 36. a3 a4 37. bxa4 bxa4 38. Ka2 Ke7 39. Kb2 e5 40.
Ka2 Kd6 41. Kb2 c4 42. dxc4 Kc5 43. h5 g5 44. Rh2 Rf1 45. Rd2 Kxc4 46. Rd3 g4
47. Rd2 Rf3 0-1

[Event "Torneo A"]
[Site "Locri ITA"]
[Date "2014.04.17"]
[Round "3"]
[White "Bentivegna, Francesco"]
[Black "Valguarnera, Girolamo"]
[WhiteElo "2282"]
[BlackElo "2068"]
[Result "1-0"]
[PlyCount "111"]
[EventDate "2014.04.16"]

1. e4 c6 2. d4 d5 3. Nd2 dxe4 4. Nxe4 Nf6 5. Nxf6+ exf6 6. c3 Bd6 7. Bd3 Qc7 8.
Ne2 Nd7 9. Qc2 Nf8 10. Be3 Bd7 11. O-O-O O-O-O 12. Kb1 g6 13. c4 Ne6 14. Qa4
Qb8 15. c5 Bc7 16. Bc4 Ng7 17. Bxf7 Nf5 18. Qb3 Nh4 19. g3 Nf5 20. Bf4 g5 21.
Bxc7 Qxc7 22. Rd2 Kb8 23. Rhd1 Ne7 24. Be6 Nd5 25. Bxd7 Qxd7 26. Nc3 Rhe8 27.
Nxd5 Qxd5 28. Qxd5 Rxd5 29. Kc2 g4 30. Rf1 Rf5 31. Kd1 Kc8 32. Re1 Rxe1+ 33.
Kxe1 Rh5 34. f3 gxf3 35. h4 Kd7 36. Kf2 Rd5 37. Kxf3 Rf5+ 38. Kg4 Rd5 39. Kf4
Ke6 40. g4 Kf7 41. b4 a6 42. a4 h6 43. b5 axb5 44. axb5 Ke6 45. Re2+ Kf7 46.
bxc6 bxc6 47. Re4 Kg6 48. Ke3 Kf7 49. Kd3 Rd7 50. Re2 Rd8 51. Rb2 Ke6 52. Rb6
Kd5 53. Rb7 Ke6 54. Rc7 Kd5 55. g5 fxg5 56. Re7 1-0

[Event "Torneo A"]
[Site "Locri ITA"]
[Date "2014.04.17"]
[Round "3"]
[White "Carbone, Stefano"]
[Black "Iannello, Andrea"]
[WhiteElo "2085"]
[BlackElo "1876"]
[Result "1/2-1/2"]
[PlyCount "94"]
[EventDate "2014.04.16"]

1. Nf3 Nf6 2. g3 b6 3. Bg2 Bb7 4. c4 e6 5. O-O Be7 6. Nc3 O-O 7. Re1 d5 8. cxd5
exd5 9. d4 Ne4 10. Bf4 Bd6 11. Rc1 Bxf4 12. gxf4 a6 13. e3 f6 14. Qc2 Rf7 15.
Bh3 Re7 16. Nxe4 dxe4 17. Nd2 Qe8 18. Nf1 g6 19. Ng3 f5 20. Bf1 Bd5 21. Bc4 Qf7
22. Bxd5 Qxd5 23. Qc4 Qxc4 24. Rxc4 a5 25. Rec1 Na6 26. Rc6 Rd8 27. a3 Rdd7 28.
Nf1 Kf7 29. R1c2 Re6 30. Nd2 Rxc6 31. Rxc6 Nb8 32. Rc2 Ke6 33. Nc4 Na6 34. Ne5
Rd6 35. b4 Rd5 36. Rc6+ Ke7 37. Rc4 Rb5 38. bxa5 bxa5 39. Rc6 Rb6 40. Rxb6 cxb6
41. Nc4 Kd7 42. Nxb6+ Kc6 43. Nc4 Kb5 44. Nb2 Nc7 45. Kf1 Nd5 46. Ke1 Nc3 47.
h3 a4 1/2-1/2

[Event "Torneo A"]
[Site "Locri ITA"]
[Date "2014.04.17"]
[Round "3"]
[White "Fracasso Pezzolato, Michele"]
[Black "Cordi', Domenico"]
[WhiteElo "1830"]
[BlackElo "1993"]
[Result "0-1"]
[PlyCount "58"]
[EventDate "2014.04.16"]

1. e4 c5 2. Nf3 d6 3. d4 cxd4 4. Nxd4 Nf6 5. Nc3 a6 6. a4 e5 7. Nf3 h6 8. Bc4
Qc7 9. Ba2 Be7 10. h3 O-O 11. Be3 Be6 12. a5 Bxa2 13. Rxa2 Nbd7 14. O-O Rac8
15. Nd2 Nc5 16. f4 Qc6 17. Qf3 Ne6 18. Nd5 Qe8 19. fxe5 dxe5 20. Nxf6+ Bxf6 21.
Bxh6 Nd4 22. Qg4 Qe6 23. c3 Qxg4 24. hxg4 Ne6 25. Rf5 Rfd8 26. Nf3 Nc5 27. Be3
Nxe4 28. Nxe5 g6 29. Rf4 Rd1+ 0-1

[Event "Torneo A"]
[Site "Locri ITA"]
[Date "2014.04.17"]
[Round "3"]
[White "Guccione, Cristoforo"]
[Black "Familari, Giuseppe"]
[WhiteElo "1800"]
[BlackElo "1971"]
[Result "1/2-1/2"]
[PlyCount "155"]
[EventDate "2014.04.16"]

1. d4 d5 2. Nc3 Nf6 3. Bg5 Nbd7 4. f3 c6 5. e4 dxe4 6. fxe4 Qa5 7. Qd2 e5 8.
Bxf6 Nxf6 9. dxe5 Ng4 10. Bc4 Nxe5 11. Bb3 Bg4 12. h3 Rd8 13. Qf4 Bb4 14. Qe3
Bxc3+ 15. bxc3 Be6 16. Bxe6 fxe6 17. Ne2 O-O 18. Nd4 Rf6 19. Rf1 Rdf8 20. Rxf6
Rxf6 21. Rb1 Qxa2 22. Rd1 Qa6 23. Nf3 Nxf3+ 24. gxf3 Qa5 25. Rd7 Qh5 26. f4
Qh4+ 27. Kd2 Qxf4 28. Qxf4 Rxf4 29. Kd3 Rh4 30. Rxb7 Rxh3+ 31. Kd4 a5 32. Ke5
Rxc3 33. Kxe6 h5 34. Ra7 Kh7 35. Rxa5 Kh6 36. Kd6 Rxc2 37. e5 Rd2+ 38. Kxc6 h4
39. e6 g5 40. Re5 Rd8 41. e7 Re8 42. Kd7 Rxe7+ 43. Rxe7 h3 44. Ke6 h2 45. Re8
Kg7 46. Re7+ Kg6 47. Re8 h1=Q 48. Rg8+ Kh7 49. Rxg5 Qe4+ 50. Re5 Qc6+ 51. Kf5
Kg7 52. Re7+ Kf8 53. Re6 Qd5+ 54. Re5 Qd3+ 55. Ke6 Qg6+ 56. Kd5 Kf7 57. Re4
Qf5+ 58. Kd4 Kf6 59. Ke3 Qg5+ 60. Kd4 Qd2+ 61. Kc5 Kf5 62. Rc4 Ke5 63. Kb5 Qd6
64. Rb4 Kd5 65. Ka4 Kc5 66. Ka3 Qd1 67. Rb2 Kc4 68. Rc2+ Kd3 69. Rb2 Qc1 70.
Ka2 Qc4+ 71. Kb1 Qa4 72. Ra2 Qd1+ 73. Kb2 Kc4 74. Ra3 Kb4 75. Ra2 Qb3+ 76. Ka1
Kc3 77. Rc2+ Kd3 78. Rd2+ 1/2-1/2

[Event "Torneo A"]
[Site "Locri ITA"]
[Date "2014.04.17"]
[Round "3"]
[White "Laketic, Gojko"]
[Black "Inkiov, Ventzislav V."]
[WhiteElo "2428"]
[BlackElo "2427"]
[Result "1/2-1/2"]
[PlyCount "21"]
[EventDate "2014.04.16"]

1. d4 d5 2. c4 e6 3. Nc3 Nf6 4. Bg5 Be7 5. Nf3 Nbd7 6. cxd5 exd5 7. e3 c6 8.
Qc2 O-O 9. Bd3 Re8 10. O-O Bf8 11. h3 1/2-1/2

[Event "Torneo A"]
[Site "Locri ITA"]
[Date "2014.04.17"]
[Round "3"]
[White "Ljubisavljevic, Zivojin Z."]
[Black "Voiska, Margarita"]
[WhiteElo "2132"]
[BlackElo "2288"]
[Result "0-1"]
[PlyCount "104"]
[EventDate "2014.04.16"]

1. b3 Nf6 2. Bb2 d6 3. f4 e5 4. fxe5 dxe5 5. Bxe5 Ng4 6. Bg3 Qf6 7. Nc3 Ne3 8.
dxe3 Bb4 9. Nf3 Bxc3+ 10. Kf2 Bxa1 11. Bh4 Qd6 12. Qxa1 O-O 13. Qe5 Qxe5 14.
Nxe5 Re8 15. Nd3 a5 16. h3 Nc6 17. a3 Ne7 18. g4 Nd5 19. e4 Nc3 20. e5 g5 21.
Bg3 Ne4+ 22. Kf3 Bd7 23. Rg1 Bc6 24. Ke3 Nxg3 25. Rxg3 f6 26. Bg2 Ra6 27. b4
axb4 28. axb4 Bxg2 29. Rxg2 fxe5 30. Ke4 Rc6 31. e3 Rc4+ 32. Kd5 b5 33. Nxe5
Rd8+ 34. Ke6 Rd6+ 35. Kf5 Rxb4 36. Nd3 Rc4 37. Kxg5 b4 38. Rf2 Re4 39. Nf4 Re5+
40. Kh4 Rxe3 41. Nh5 Rc3 42. Nf6+ Rxf6 43. Rxf6 Rxc2 44. Ra6 b3 45. Ra8+ Kg7
46. Rb8 Rc3 47. Rb5 Kg6 48. Rb8 c5 49. Rb6+ Kf7 50. Rb7+ Ke6 51. Rxh7 Rc4 52.
Rh6+ Ke5 0-1

[Event "Torneo A"]
[Site "Locri ITA"]
[Date "2014.04.17"]
[Round "3"]
[White "Luvera', Filippo"]
[Black "Iannello, Antonio"]
[WhiteElo "1895"]
[BlackElo "1888"]
[Result "0-1"]
[PlyCount "108"]
[EventDate "2014.04.16"]

1. e4 c5 2. c3 g6 3. d4 cxd4 4. cxd4 d5 5. e5 Bg7 6. Nf3 Bg4 7. Bb5+ Nc6 8. O-O
Nh6 9. Nc3 O-O 10. Bxc6 bxc6 11. h3 Bxf3 12. Qxf3 Nf5 13. Qd3 c5 14. dxc5 d4
15. Ne4 Bxe5 16. b3 Qd5 17. Bb2 Rfd8 18. Rac1 Rac8 19. Rfd1 Ng7 20. Ba3 Qc6 21.
Ng5 Bf4 22. Rc4 Bxg5 23. Rxd4 Rxd4 24. Qxd4 Ne6 25. Qg4 Bf6 26. b4 Rc7 27. Bc1
Rd7 28. Rxd7 Qxd7 29. Bh6 Bg7 30. Be3 Qd5 31. a3 Bb2 32. Qg3 Be5 33. Qg4 Qb3
34. g3 Qxa3 35. Qe4 Qa1+ 36. Kg2 h5 37. f4 Qb2+ 38. Kf3 Nd4+ 39. Bxd4 Bxd4 40.
Qa8+ Kg7 41. Qxa7 Qxb4 42. Qxe7 Qxc5 43. Qxc5 Bxc5 44. Ke4 Kf6 45. g4 h4 46.
Kd5 Bf2 47. Ke4 Ke6 48. Kf3 Bg3 49. Ke4 f5+ 50. Kf3 Kd5 51. gxf5 gxf5 52. Ke3
Kc4 53. Ke2 Kd4 54. Kf3 Kd3 0-1

[Event "Torneo A"]
[Site "Locri ITA"]
[Date "2014.04.17"]
[Round "3"]
[White "Tricomi, Massimo"]
[Black "Gangemi, Salvatore"]
[WhiteElo "1883"]
[BlackElo "2101"]
[Result "1/2-1/2"]
[PlyCount "106"]
[EventDate "2014.04.16"]

1. b3 d5 2. Nf3 Nf6 3. Bb2 e6 4. e3 c5 5. c4 Nc6 6. cxd5 exd5 7. d4 cxd4 8.
Nxd4 Bb4+ 9. Bc3 Qa5 10. Qd2 Bxc3 11. Nxc3 Nxd4 12. Qxd4 O-O 13. Bd3 Be6 14.
O-O Rac8 15. b4 Qb6 16. Qxb6 axb6 17. Rfc1 Rc6 18. Bb5 Rd6 19. Ne2 Rdd8 20. Rc7
Rb8 21. f3 Ne8 22. Bxe8 Rfxe8 23. Nd4 Kf8 24. Rac1 Re7 25. Rxe7 Kxe7 26. Rc7+
Kf6 27. a3 h5 28. Kf2 h4 29. Nb3 g5 30. Nd4 Ra8 31. Nb5 Rb8 32. Nd4 Ra8 33. Rc3
Ke5 34. Nb5 Bd7 35. Nd4 Rc8 36. Rxc8 Bxc8 37. g3 Bd7 38. Ke2 f5 39. gxh4 gxh4
40. f4+ Ke4 41. Nf3 Bb5+ 42. Kf2 h3 43. Ng5+ Kd3 44. Nxh3 Kc4 45. Ng5 Kb3 46.
Ne6 Kxa3 47. Nd4 Be8 48. b5 Kb4 49. h4 Kc5 50. Ke2 Bg6 51. Kd2 Kc4 52. Kc2 Bh5
53. Kd2 Bg6 1/2-1/2

[Event "Torneo A"]
[Site "Locri ITA"]
[Date "2014.04.17"]
[Round "3"]
[White "Valotta, Massimiliano"]
[Black "Varriale, Luca"]
[WhiteElo "1849"]
[BlackElo "1927"]
[Result "0-1"]
[PlyCount "90"]
[EventDate "2014.04.16"]

1. d4 Nf6 2. c4 c5 3. e3 cxd4 4. exd4 d5 5. c5 g6 6. Bd3 Nc6 7. Qa4 Bg7 8. Ne2
O-O 9. f4 Ne4 10. Be3 Nxc5 11. Qd1 Nxd3+ 12. Qxd3 Bf5 13. Qd2 Bxb1 14. Rxb1 Rc8
15. O-O e6 16. a3 Na5 17. b3 b6 18. Qb2 Re8 19. Bd2 Nb7 20. Bb4 Bf8 21. Bxf8
Kxf8 22. Ng3 Nd6 23. a4 Re7 24. Qe2 Rec7 25. Qe5 Kg8 26. f5 Nxf5 27. Nxf5 exf5
28. Qg3 Rc3 29. Qf4 Qd7 30. h4 Re8 31. Rfc1 Ree3 32. h5 Qe8 33. h6 Re4 34. Qg5
Rxc1+ 35. Rxc1 Re1+ 36. Kf2 Rxc1 37. Qxc1 Qe7 38. Qf4 Qf8 39. Ke3 f6 40. Kd3
Kf7 41. g4 fxg4 42. Qxg4 Qe8 43. Kc3 Qe3+ 44. Kb4 f5 45. Qh4 Qe7+ 0-1